000 00754nam a2200205Ia 4500
003 GCL
008 140319s9999 xx 000 0 ara d
040 _aGCL /
_cGCL
082 0 4 _a621.38173
_bف س
100 1 _aفاروق محمد العامرى
245 1 0 _aسحر الالكترونيات الحديثة /
_cفاروق محمد العامرى
700 1 _aامين فهمى
260 _aالقاهرة :
_bمركز ناصر للدراسات الالكترونية ،
_c1990
300 _a123 ص ؛
_c24 سم
490 _aموسوعة العامرى للالكترونيات
_v4
650 0 4 _aالهندسة الالكترونية
650 0 4 _aالاجهزة الالكترونية
650 0 4 _aالالكترونات
942 _2ddc
_cBK
999 _c55207
_d55207